Lịch sử 10 nâng cao
Chương trình lịch sử thế giới ở lớp 10 nâng cao nhằm giúp giáo viên củng cố và nâng cao kiến thức cơ bản cần thiết về lịch sử thế giới đã học. Sách bao gồm các thời kì như Lịch sử thế giới thời nguyên thuỷ, cổ đại và trung đại, t...
保存先:
| 第一著者: | |
|---|---|
| フォーマット: | 図書 |
| 言語: | Undetermined |
| 出版事項: |
Hà Nội
Giáo dục
2006
|
| 主題: | |
| タグ: |
タグ追加
タグなし, このレコードへの初めてのタグを付けませんか!
|
| Thư viện lưu trữ: | Trung tâm Học liệu Trường Đại học Cần Thơ |
|---|
| LEADER | 01141nam a2200217Ia 4500 | ||
|---|---|---|---|
| 001 | CTU_159717 | ||
| 008 | 210402s9999 xx 000 0 und d | ||
| 020 | |c 8300 | ||
| 082 | |a 907.12 | ||
| 082 | |b L305/L.10 | ||
| 100 | |a Phan, Ngọc Liên | ||
| 245 | 0 | |a Lịch sử 10 nâng cao | |
| 245 | 0 | |c Phan Ngọc Liên (Tổng chủ biên), Lương Ninh, Trương Hữu Quýnh (Chủ biên) | |
| 260 | |a Hà Nội | ||
| 260 | |b Giáo dục | ||
| 260 | |c 2006 | ||
| 520 | |a Chương trình lịch sử thế giới ở lớp 10 nâng cao nhằm giúp giáo viên củng cố và nâng cao kiến thức cơ bản cần thiết về lịch sử thế giới đã học. Sách bao gồm các thời kì như Lịch sử thế giới thời nguyên thuỷ, cổ đại và trung đại, thứ hai lịch sử Việt Nam từ nguồn gốc đến thế kỉ XIX cho học sinh. | ||
| 650 | |a History | ||
| 650 | |x Study and teaching (Secondary) | ||
| 904 | |i Loan (Ngọc Mai) (Bé Ba) | ||
| 980 | |a Trung tâm Học liệu Trường Đại học Cần Thơ | ||